Effectif Portugal - Coupe du Monde 2014 - Statistiques

Statistiques générales
  • Ce quiz a été pris 28 fois
  • Le résultat moyen est 10 sur 24
Statistiques - réponses
POSTE CLUB NUMERO JOUEUR % Correct
ATT Real Madrid 7 Cristiano Ronaldo
96%
DEF Real Madrid 3 Pepe
92%
MIL AS Monaco 8 João Moutinho
88%
ATT Manchester United 17 Nani
88%
G Sporting CP 12 Rui Patrício
84%
DEF Real Madrid 5 Fábio Coentrão
76%
ATT SC Braga 15 Rafa Silva
60%
MIL Sporting CP 6 William Carvalho
52%
DEF Fenerbahçe 2 Bruno Alves
44%
DEF Valence CF 13 Ricardo Costa
36%
ATT SC Braga 11 Éder
32%
DEF Valence CF 21 João Pereira
32%
ATT Beşiktaş 9 Hugo Almeida
28%
DEF SL Benfica 19 André Almeida
24%
G Séville FC 22 Beto
24%
MIL Fenerbahçe 16 Raul Meireles
24%
ATT Valence CF 23 Hélder Postiga
20%
MIL VfL Wolfsbourg 10 Vieirinha
20%
G SC Braga 1 Eduardo
16%
ATT FC Porto 18 Varela
16%
MIL Dynamo Kiev 4 Miguel Veloso
12%
COACH - - Paulo Bento
12%
DEF Zénith Saint-Pétersbourg 14 Luís Neto
4%
MIL SL Benfica 20 Rúben Amorim
0%
Aucun quiz correspondant
Distribution des résultats
% des personnes avec chaque résultat
Percentile par nombre de réponses
Votre historique - résultats
Vous n’avez pas pris ce quiz